Ranking Najłatwiejszych języków świata - Statystyki

Ogólne statystyki
  • Ten quiz został rozwiązany 153 razy
  • Średni wynik to 3 z 5
Statystyki odpowiedzi
Kolejność Język % Poprawnych
1. Hiszpański
93%
2. Francuski
75%
3. Włoski
75%
4. Niemiecki
72%
5. Szwedzki
16%
Nie znaleziono quizów pasujących do podanych kryteriów
Rozkład punktacji
Procent ludzi z każdym wynikiem
Percentyl według liczby udzielonych odpowiedzi
Twoja historia wyników
Nie rozwiązałeś tego quizu